The ciliated protozoa : (Record no. 12966)
[ view plain ]
| 000 -LEADER | |
|---|---|
| fixed length control field | 00981cam a22002891 4500 |
| 001 - CONTROL NUMBER | |
| control field | 12966 |
| 003 - CONTROL NUMBER IDENTIFIER | |
| rucl marc code | BD-RjUL |
| 005 - DATE AND TIME OF LATEST TRANSACTION | |
| control field | 20211208235401.0 |
| 008 - FIXED-LENGTH DATA ELEMENTS--GENERAL INFORMATION | |
| fixed length control field | 140130s1961 nyua b 001 0 eng |
| 035 ## - SYSTEM CONTROL NUMBER | |
| System control number | (BD-RjUL)13016 |
| 040 ## - CATALOGING SOURCE | |
| Original cataloging agency | DLC |
| Transcribing agency | DLC |
| Modifying agency | DLC |
| -- | ICU |
| Language of cataloging | eng |
| 041 ## - LANGUAGE CODE | |
| Language code of text/sound track or separate title | eng |
| 082 00 - DEWEY DECIMAL CLASSIFICATION NUMBER | |
| Classification number | 593.17 |
| Author mark and year | COC 1961 |
| 100 1# - MAIN ENTRY--PERSONAL NAME | |
| Personal name | Corliss, John O. |
| 9 (RLIN) | 40409 |
| 245 14 - TITLE STATEMENT | |
| Title | The ciliated protozoa : |
| Remainder of title | characterization, classification, and guide to the literature / |
| Statement of responsibility, etc. | John O Corliss |
| 260 ## - PUBLICATION, DISTRIBUTION, ETC. (IMPRINT) | |
| Place of publication, distribution, etc. | New York : |
| Name of publisher, distributor, etc. | Pergamon Press, |
| Date of publication, distribution, etc. | 1961. |
| 300 ## - PHYSICAL DESCRIPTION | |
| Pagination | 310 p. ; |
| Illustrations | illus. ; |
| Size | 23 cm. |
| 490 1# - SERIES STATEMENT | |
| Series statement | International series of monographs on pure and applied biology. Division: zoology, v. 7 |
| 504 ## - BIBLIOGRAPHY, ETC. NOTE | |
| Bibliography, etc | Includes Index and bibliography. |
| 650 #0 - SUBJECT ADDED ENTRY--TOPICAL TERM | |
| Topical term or geographic name as entry element | Ciliata. |
| 9 (RLIN) | 40410 |
| Topical term or geographic name as entry element | Ciliata |
| General subdivision | Bibliography. |
| 9 (RLIN) | 40411 |
| 830 #0 - SERIES ADDED ENTRY--UNIFORM TITLE | |
| Volume number/sequential designation | v. 7. |
| Uniform title | International series of monographs on pure and applied biology. |
| 942 ## - ADDED ENTRY ELEMENTS (KOHA) | |
| Source of classification or shelving scheme | Dewey Decimal Classification |
| Koha item type | Books |
| Lost status | Source of classification or shelving scheme | Damaged status | Not for loan | Collection code | Permanent Location | Current Location | Shelving location | Date acquired | Source of acquisition | Cost, normal purchase price | Total Checkouts | Full call number | Date last seen | Copy number | Koha item type |
|---|---|---|---|---|---|---|---|---|---|---|---|---|---|---|---|
| Dewey Decimal Classification | Not For Loan | Non-fiction | Central Library, University of Rajshahi | Central Library, University of Rajshahi | Reading Room | 12/08/1968 | Sweets & Zeitlinger | 80.00 | 593.17 COC 1961 | 30/01/2014 | C-1 | Books |